[Event "Philadelphia op 10th"]
[Site "Philadelphia"]
[Date "2016.03.27"]
[Round "8"]
[White "Ricardo, Perez Billinghurst"]
[Black "Kretchetov, Alexandre"]
[Result "1/2-1/2"]
[WhiteElo "2123"]
[BlackElo "2288"]
[PlyCount "38"]
[EventDate "2016.03.23"]
[EventType "swiss"]
[EventRounds "9"]
[EventCountry "USA"]
[SourceTitle "CBM 171 Extra"]
[Source "ChessBase"]
[SourceDate "2016.04.26"]
[SourceVersion "1"]
[SourceVersionDate "2016.04.26"]
[SourceQuality "1"]

1. e4 e5 2. Nf3 Nc6 3. Bb5 g6 4. d4 exd4 5. c3 d3 6. Qxd3 Bg7 7. Bg5 Nge7 8. Nbd2 0-0 9. 0-0 h6 10. Bh4 d6 11. Rad1 g5 12. Bg3 Ng6 13. Bxc6 bxc6 14. Nd4 Ne7 15. f4 c5 16. Nc2 Ng6 17. fxg5 hxg5 18. Ne3 Rb8 19. b3 Be5 1/2-1/2

[Event "New York State-ch 137th"]
[Site "Colonie"]
[Date "2015.09.06"]
[Round "4"]
[White "Plotkin, Mark"]
[Black "Ricardo, Perez Billinghurst"]
[Result "1/2-1/2"]
[WhiteElo "2089"]
[BlackElo "2123"]
[PlyCount "36"]
[EventDate "2015.09.05"]
[EventType "swiss"]
[EventRounds "6"]
[EventCountry "USA"]
[SourceTitle "EXT 2016"]
[Source "ChessBase"]
[SourceDate "2015.10.08"]
[SourceVersion "1"]
[SourceVersionDate "2015.10.08"]
[SourceQuality "1"]

1. d4 Nf6 2. Nf3 g6 3. Nbd2 Bg7 4. e4 0-0 5. e5 Ne8 6. c3 d6 7. exd6 cxd6 8. Be2 e5 9. 0-0 Nc6 10. dxe5 dxe5 11. b3 Nd6 12. Ba3 e4 13. Bxd6 Qxd6 14. Nxe4 Qf4 15. Ng3 Bxc3 16. Qc1 Qxc1 17. Raxc1 Bg7 18. Bb5 Nb4 1/2-1/2